00601cam a22002173a 45000010005000000030006000050050017000110080041000280400015000690420007000840500007000911000029000982450050001272600029001775060030002065160020002366530044002566530014003008300028003148560041003429976PGUSA20140828083218.0060201s2006||||xxu|||||s|||||000 | eng d aPGUSAbeng adc 4aPQ1 aHugo, Victor,d1802-188510aHernanih[electronic resource] /cVictor Hugo bProject Gutenberg,c2006 aPublic domain in the USA. aElectronic text aHernani (Fictitious character) -- Drama aTragedies 0aProject Gutenbergv997640uhttp://www.gutenberg.org/ebooks/9976